| 000 | 01096cam a22003134a 4500 | ||
|---|---|---|---|
| 999 |
_c329352 _d329352 |
||
| 001 | 12648451 | ||
| 003 | OSt | ||
| 005 | 20170503161602.0 | ||
| 008 | 020117s2003 maua b 001 0 eng | ||
| 010 | _a 2002016632 | ||
| 020 | _a978-81-8356-528-8 | ||
| 040 |
_aDLC _cASAB _dDLC |
||
| 042 | _apcc | ||
| 050 | 0 | 0 |
_aQP303 _b.H35 2003 |
| 082 | 0 | 0 |
_a612.76 _221 |
| 245 | 1 | 0 |
_aUnderstanding Biomechanics _cRajeev Tyagi |
| 260 |
_aNew Delhi. _bDiscovery Publishing House Pvt. Ltd. _c2010. |
||
| 300 | _a343 P | ||
| 650 | 0 | _aBiomechanics | |
| 906 |
_a7 _bcbc _corignew _d1 _eocip _f20 _gy-gencatlg |
||
| 942 |
_2ddc _cBK |
||